Návrh zdokonalenia procesov obstarávania v SE-EBO, Jaslovské Bohunice : Diplomová práca

Gespeichert in:
Bibliographische Detailangaben
1. Verfasser: Tiefenbacher, Erik (Verfasst von)
Weitere Verfasser: Linczényi, Alexander, 1932- (Herausgegeben von)
Format: Manuskript Buch
Sprache:Slowakisch
Veröffentlicht: Trnava : STU v Bratislave MtF KMK, 1999
Schlagworte:
Tags: Tag hinzufügen
Keine Tags, Fügen Sie das erste Tag hinzu!

MARC

LEADER 00000ntm a22000003a 4500
001 stu53864
005 20160719155210.9
008 000607s1999----xo------------------slo-d
040 |a STU  |b slo 
041 0 |a slo 
044 |a xo 
100 1 |a Tiefenbacher, Erik  |4 aut 
245 1 |a Návrh zdokonalenia procesov obstarávania v SE-EBO, Jaslovské Bohunice :  |b Diplomová práca 
260 |a Trnava :  |b STU v Bratislave MtF KMK,  |c 1999 
300 |a 121 s  |c výťah 
650 7 |a Kvalita-procesy obstarávania  |2 stusub 
650 7 |a manažment priemyselných podnikov  |2 stusub 
700 1 |a Linczényi, Alexander,  |d 1932-  |4 edt  |u M300  |U MTF Ústav priemyselného inžinierstva a manažmentu  |T MTF Katedra inžinierstva kvality  |X 3055  |U M300  |Y M300  |7 A000003055 
996 |b 284M004978  |c M*DP-417  |l MMSKP  |s P  |a 0  |w stu53864_0001